| 000 | 01133cam a22003255a 4500 | ||
|---|---|---|---|
| 001 | ssj0001132171 | ||
| 003 | OSt | ||
| 005 | 20201128021515.0 | ||
| 008 | 140128t2014 maua frbd 001 0 eng d | ||
| 020 | _a9780124081383 ( Pbk. : alk. paper) | ||
| 040 |
_aDLC _beng _dWaSeSS _dEG-ScBUE |
||
| 082 | 0 | 4 |
_a004.019 _222 _bEYE |
| 245 | 0 | 0 |
_aEye tracking in user experience design / _c[edited by] Jennifer Romano Bergstrom, Andrew Jonathan Schall. |
| 260 |
_aWaltham : _bMorgan Kaufmann / Elsevier, _cc.2014. |
||
| 300 |
_axx, 374 p. : _bill. (col.) ; _c24 cm. |
||
| 500 | _aGlossary : p. 361-365. | ||
| 500 | _aIndex : p. 367-374. | ||
| 504 | _aIncludes bibliographical references. | ||
| 590 | _aNahed | ||
| 650 | 7 |
_aHuman-computer interaction. _2BUEsh _9859 |
|
| 650 | 0 |
_aVisual perception. _2BUEsh |
|
| 650 | 0 |
_aEye _xMovements. _2BUEsh |
|
| 650 | 0 |
_aEye tracking. _2BUEsh |
|
| 650 | 7 |
_aUser interfaces (Computer systems) _2BUEsh _92676 |
|
| 651 | _2BUEsh | ||
| 653 |
_bCOMSCI _cAugust2015 _cDecember2015 |
||
| 700 | 1 |
_aBergstrom, Jennifer Romano, _eeditor. _938822 |
|
| 700 | 1 |
_aSchall, Andrew Jonathan, _eeditor. |
|
| 942 | _2ddc | ||
| 999 |
_c20581 _d20553 |
||